[Event "Bled op18th"]
[Site "Bled"]
[Date "1997.??.??"]
[Round "2"]
[White "Ilijin, Neboisa"]
[Black "Jokovic, Dusan"]
[Result "1-0"]
[WhiteElo "2290"]
[BlackElo "2215"]

1.e4 e5 2.Nf3 Nc6 3.Bb5 a6 4.Ba4 Nf6 5.O-O b5 6.Bb3 Bb7 7.c3 Be7 8.d4 d6
9.Re1 O-O 10.Nbd2 Nd7 11.Nf1 Na5 12.Bc2 c5 13.Ne3 Re8 14.a4 Bf8 15.dxc5 dxc5
16.Nf5 Qc7 17.b3 Rad8 18.axb5 axb5 19.Qe2 Bc6 20.Bg5 f6 21.Be3 Nb7 22.h4 Nd6
23.Nxd6 Bxd6 24.h5 Bf8 25.Nh4 Ra8 26.Qg4 Nb6 27.h6 Bd7 28.Qf3 Be6 29.hxg7 Qxg7
30.Nf5 Qf7 31.Bxc5 Bxf5 32.Bxb6 Be6 33.b4 Rac8 34.Qd3 Bc4 35.Qg3+ Kh8 36.Ra7 Re7
37.Rea1 Qe6 38.Bc5 Rg7 39.Rxg7 Bxg7 40.Bd1 Rg8 41.Bg4 Qe8 42.Qh3 Bf8 43.Bf5 Rg7
44.Be3 Bg8 45.Rd1 Rc7 46.Bb6 Rb7 47.Rd8 Qf7 48.Bc5 Bxc5 49.bxc5 Qe7 50.c6 Rc7
51.Rd7 Rxd7 52.cxd7 Qd6 53.Qh5  1-0

[Event "Bled op18th"]
[Site "Bled"]
[Date "1997.??.??"]
[Round "6"]
[White "Florjancic, Rudolf"]
[Black "Kolar, Srecko"]
[Result "0-1"]
[WhiteElo "2125"]
[BlackElo "2180"]

1.e4 e5 2.Nf3 Nc6 3.Bb5 a6 4.Ba4 Nf6 5.O-O b5 6.Bb3 Bb7 7.Re1 Bc5 8.c3 d6
9.d4 Bb6 10.Bg5 h6 11.Bh4 Qd7 12.a4 O-O-O 13.axb5 axb5 14.Na3 g5 15.Bg3 exd4
16.cxd4 Rde8 17.e5 g4 18.Nh4 Nxd4 19.Ba2 Ne4 20.exd6 Nxg3 21.hxg3 Rxe1+ 22.Qxe1 Qxd6
23.Kh2 Rf8 24.Rd1 Qf6 25.Bb1 Kb8 26.Nc2 Nxc2 27.Bxc2 Bxf2 28.Qb4 Re8 29.Qxg4 Bb6
30.Bd3 h5 31.Qb4 Bc6 32.Rf1 Qd8 33.Bf5 Kb7 34.Qf4 Bc5 35.Qc1 Bd6 36.Nf3 h4
37.Kg1 hxg3 38.Bh3 Qa8 39.Nd4 Kb6 40.Nxc6 Qxc6 41.Qd1 f6 42.b3 Qe4 43.Kh1 Rh8
44.Rf3 Be5 45.b4 Qxb4 46.Rb3 Qc5 47.Rf3 Ra8 48.Rf1 Ra1 49.Qf3 Qc1  0-1

[Event "Cairo-A"]
[Site "Cairo"]
[Date "1997.??.??"]
[Round "2"]
[White "El Taher, Fouad"]
[Black "Kaabi, Mejdi"]
[Result "0-1"]
[WhiteElo "2445"]
[BlackElo "2345"]

1.e4 e5 2.Nf3 Nc6 3.Bb5 a6 4.Ba4 Nf6 5.O-O b5 6.Bb3 Bb7 7.Re1 Bc5 8.c3 d6
9.d4 Bb6 10.a4 O-O 11.Bg5 h6 12.Bh4 Re8 13.d5 Na5 14.Ba2 g5 15.Nxg5 hxg5
16.Bxg5 Kg7 17.Qf3 Rh8 18.Nd2 bxa4 19.Re3 Bc8 20.Rd3 Bd7 21.Qg3 Qg8 22.Bh4+ Ng4
23.Rf1 Qh7 24.Nf3 Qxe4 25.Ng5 Qf4 26.Rf3 Qxg3 27.Rxf7+ Kg8 28.hxg3 Bb5 29.Rc1 Rh5
30.Rf5 Bd3 31.Rf3 Be2 32.Rf5 Rf8 33.Bb1 Bxf2+ 34.Rxf2 Rxf2 35.Be4 Nb3 36.Re1 Nd2  0-1

[Event "Goodricke op"]
[Site "Calcutta"]
[Date "1997.??.??"]
[Round "1"]
[White "Thipsay, Praveen Mahadeo"]
[Black "Bakliwal, Gaurav"]
[Result "1/2-1/2"]
[WhiteElo "2460"]
[BlackElo "2300"]

1.e4 e5 2.Nf3 Nc6 3.Bb5 a6 4.Ba4 Nf6 5.O-O b5 6.Bb3 Bb7 7.d3 Bc5 8.a4 d6
9.c3 h6 10.Na3 O-O 11.Bd2 b4 12.Nc4 a5 13.Qc2 Bc8 14.Ne3 Bxe3 15.Bxe3 bxc3
16.bxc3 Qe7 17.Rfe1 Be6 18.Rab1 Rab8 19.h3 Qd7 20.Bxe6 Qxe6 21.Rb5 Nd7 22.d4 Rxb5
23.axb5 Ne7 24.Ra1 Ra8 25.d5 Qg6 26.c4 f5 27.Nh4 Qf6 28.Nxf5 Nxf5 29.exf5 e4
30.Ra2 Qxf5 31.Bd2 Ne5 32.Bxa5 Nf3+ 33.Kf1 Qe5 34.gxf3 exf3 35.Qg6 Rxa5 36.Rxa5 Qe2+
37.Kg1 Qe1+ 38.Kh2 Qxf2+ 39.Kh1 Qe1+ 40.Kh2 Qf2+ 41.Kh1 Qe1+  1/2-1/2

[Event "Cannes op-B 18th"]
[Site "Cannes"]
[Date "1997.??.??"]
[Round "1"]
[White "Jurkovic, Ante"]
[Black "Colin, Vincent"]
[Result "1/2-1/2"]
[WhiteElo "2320"]
[BlackElo "2170"]

1.e4 e5 2.Nf3 Nc6 3.Bb5 a6 4.Ba4 Nf6 5.O-O b5 6.Bb3 Bb7 7.Re1 h6 8.c3 g6
9.d4 d6 10.a4 Bg7 11.Na3 O-O 12.Rb1 exd4 13.cxd4 Na5 14.e5 dxe5 15.Nxe5 Nxb3
16.Qxb3 Bd5 17.Qc2 c6 18.Nxc6 Qb6 19.axb5 axb5 20.Ne7+ Kh7 21.Nxd5 Nxd5 22.Qc5 Bxd4
23.Qxb6 Bxb6 24.Nxb5 Rfb8 25.Nd6 Ba5 26.Re5 Nc3 27.Ra1 Rd8 28.bxc3 Rxd6 29.Re1 Bxc3
30.Rxa8 Bxe1 31.Kf1 Rd1 32.Be3 Bc3+ 33.Ke2 Rd7 34.Rc8 Be5 35.h3 f5 36.Kf3 Rf7
37.Re8 Bg7 38.Re6 Rd7 39.Ke2 Bc3 40.Rc6 Bg7 41.Ra6 Be5 42.g4 fxg4 43.hxg4 Bg7
44.f4 Rf7 45.Kf3 h5 46.gxh5 gxh5 47.Re6 Bh6 48.Ke4 h4 49.Rb6 Bg7 50.Kf3 Bf8
51.Kg4 Be7 52.Bd4 h3 53.Rb3 Kg6 54.Rxh3 Bd6 55.Be3 Rg7 56.Kf3 Rh7 57.Rg3+ Kf7
58.Rg2 Rh3+ 59.Ke4 Rh4 60.Ra2 Ke6 61.Ra6 Ke7 62.Kf5 Kd7 63.Ra4 Rh8 64.Bd4 Rh4
65.Be3 Rh8 66.Ra7+ Kc6 67.Ra4 Kd7 68.Rd4 Ke7 69.Rd1 Kd7 70.Bd4 Rh5+ 71.Ke4 Ke6
72.Rg1 Rh4 73.Rg6+ Kd7 74.Be3 Ke7 75.Kf5 Kd7 76.Rg7+ Kc6 77.Kg5 Rh3 78.Bd2 Rd3
79.Bc1 Rg3+ 80.Kf6 Rxg7  1/2-1/2

[Event "Cutro"]
[Site "Cutro"]
[Date "1997.??.??"]
[Round "?"]
[White "Abatino, Maurizio"]
[Black "Pegorari, Pietro"]
[Result "1/2-1/2"]
[WhiteElo "2290"]
[BlackElo "2360"]

1.e4 e5 2.Nf3 Nc6 3.Bb5 a6 4.Ba4 Nf6 5.O-O b5 6.Bb3 Bb7 7.c3 Nxe4 8.d4 Na5
9.Bc2 exd4 10.b4 Nc4 11.Bxe4 Bxe4 12.Re1 d5 13.Nxd4 c5 14.bxc5 Bxc5 15.f3 O-O
16.fxe4 dxe4 17.Rxe4 Qd5 18.Qf3 Ne5 19.Qf5 Rae8 20.Nd2 b4 21.Rh4 g6 22.Ne4 Bxd4+
23.cxd4 Qxd4+ 24.Qf2 Qd1+ 25.Qf1 Qd4+  1/2-1/2

[Event "Cutro"]
[Site "Cutro"]
[Date "1997.??.??"]
[Round "?"]
[White "Borgo, Giulio"]
[Black "Pegorari, Pietro"]
[Result "1-0"]
[WhiteElo "2390"]
[BlackElo "2360"]

1.e4 e5 2.Nf3 Nc6 3.Bb5 a6 4.Ba4 Nf6 5.O-O b5 6.Bb3 Bb7 7.Re1 Bc5 8.c3 d6
9.d4 Bb6 10.Bg5 h6 11.Bh4 g5 12.Bg3 O-O 13.Qd3 Qe7 14.Nbd2 Rad8 15.a4 Kh8
16.axb5 axb5 17.Qxb5 exd4 18.Nc4 dxc3 19.bxc3 Ra8 20.Nxb6 cxb6 21.e5 dxe5
22.Nxe5 Nxe5 23.Bxe5 Kg8 24.Bd4 Rfe8 25.f3 Rxa1 26.Rxa1 Nh5 27.Qxb6 Ra8  1-0

[Event "MSS-ch"]
[Site "CZE"]
[Date "1997.??.??"]
[Round "?"]
[White "Strasil, Pavel"]
[Black "Obrdlik, Rostislav"]
[Result "1/2-1/2"]
[WhiteElo "2135"]
[BlackElo "1970"]

1.e4 e5 2.Nf3 Nc6 3.Bb5 a6 4.Ba4 Nf6 5.O-O b5 6.Bb3 Bb7 7.Re1 Bc5 8.d3 h6
9.Nc3 d6 10.Nd5 Na5 11.Nxf6+ Qxf6 12.Be3 Nxb3 13.axb3 Bxe3 14.fxe3 O-O 15.Rf1 Qe7
16.Qe2 f5 17.exf5 Rxf5 18.e4 Rf7 19.Qf2 Raf8 20.Qg3 Rf4 21.Nd2 Rxf1+ 22.Rxf1 Rxf1+
23.Nxf1 Kh7 24.Ne3 Qf6 25.Qg4 Qf4 26.Qf5+ Qxf5 27.Nxf5 g6 28.Ne3 Kg7 29.Kf2 Kf6
30.h4 c6 31.b4 Bc8 32.c3 c5 33.Nf1 cxb4 34.cxb4 g5 35.g3 gxh4 36.gxh4 Be6
37.Ne3 Kg6 38.Kf3 Kf6 39.Nf1 Kg6 40.Ng3 Kf6 41.Ke3 Kg6 42.d4 Kf6 43.d5 Bg4
44.Kf2 Kg6 45.Kg2 Kf6 46.Nf1 Kg6 47.Kg3 Bd7 48.Ne3 Bc8 49.Nc2 Kf6 50.Na1 Kg6
51.Nb3 Kf6 52.Na5 Kg6 53.Nc6 Kf6 54.h5 Bd7 55.Kh4 Bc8 56.Na5 Ke7 57.Nb3 Kf6
58.Nd2 Bd7 59.Nf1 Bc8 60.Ne3 Bd7 61.Ng4+ Kg7 62.Kg3  1/2-1/2

[Event "CZE-chT1c 9697"]
[Site "CZE"]
[Date "1997.??.??"]
[Round "?"]
[White "Zigo, Viktor"]
[Black "Zvara, Petr"]
[Result "1/2-1/2"]
[WhiteElo "2285"]
[BlackElo "2350"]

1.e4 e5 2.Nf3 Nc6 3.Bb5 a6 4.Ba4 Nf6 5.O-O b5 6.Bb3 Bb7 7.Re1 Bc5 8.c3 d6
9.d4 Bb6 10.Bg5 h6 11.Bh4 g5 12.Bg3 O-O 13.a4 Re8 14.axb5 axb5 15.Rxa8 Bxa8
16.d5 Ne7 17.Na3 Ng6 18.Nxb5 h5 19.h4 g4 20.Ng5 Nh7 21.Nxh7 Kxh7 22.Na3 Nxh4
23.Nc4 Ng6 24.Nxb6 cxb6 25.Bh2 Bb7 26.g3 Bc8 27.Bc4 Kg7 28.Kg2 Qg5 29.Qc1 Qf6
30.Qe3 h4 31.Kf1 Rh8 32.Ke2 Bd7 33.Kd2 b5 34.Be2 hxg3 35.Bxg3 Nf4 36.Bxf4 Qxf4
37.Qxf4 exf4 38.Bxg4 Bxg4 39.Rg1 Rh4 40.f3 Kf6 41.fxg4 Ke5 42.g5 Kxe4 43.Re1+ Kf3
44.Re7 Rg4 45.Rxf7 Rxg5 46.Rf6 Kg3 47.Rxd6 f3 48.Rf6 Rxd5+ 49.Ke3 Re5+ 50.Kd4 Re8
51.Kc5 f2 52.Kxb5 Re3 53.Rxf2 Kxf2 54.c4 Re8 55.c5 Ke3 56.Kc6 Kd4 57.Kd7 Rh8
58.c6 Rh7+ 59.Kd6 Rh6+ 60.Kd7 Kd5 61.c7 Rh7+ 62.Kd8 Kd6 63.c8=N+ Ke6 64.b4 Rd7+
65.Ke8 Rd5 66.Na7 Rg5 67.Kd8 Rg7 68.Nc8 Rb7 69.b5 Rh7 70.b6 Kd5 71.Ne7+ Kd6
72.Nc8+ Kc6 73.Ne7+ Kxb6 74.Kd7 Rh6 75.Ke8 Kc5 76.Kf7 Ra6 77.Ng6 Kd5 78.Ne7+ Kd6
79.Nf5+ Ke5 80.Nh4 Kf4 81.Ng6+ Kg5 82.Ne7 Rb6  1/2-1/2

[Event "Moravia-chT 9798"]
[Site "CZE"]
[Date "1997.??.??"]
[Round "1.3"]
[White "Simacek, Pavel"]
[Black "Vechet, Stanislav"]
[Result "1-0"]
[WhiteElo "2320"]
[BlackElo "2240"]

1.e4 e5 2.Nf3 Nc6 3.Bb5 a6 4.Ba4 Nf6 5.O-O b5 6.Bb3 Bb7 7.d3 Be7 8.c3 O-O
9.Qe2 d6 10.Nbd2 Na5 11.Bc2 c5 12.Rd1 Qc7 13.Nf1 Rfe8 14.Ng3 Bf8 15.Bg5 Nd7
16.Nf5 d5 17.exd5 Bxd5 18.Nd2 f6 19.Bh4 g6 20.Ne3 Bb7 21.Rac1 Kh8 22.d4 exd4
23.cxd4 c4 24.d5 f5 25.Qf3 Ne5 26.Qf4 Bg7 27.b4 cxb3 28.axb3 Qd6 29.Ra1 Qb6
30.Qb4 f4 31.Qxf4 Bc8 32.d6 Rf8 33.Qg3 Be6 34.Be7 Rfe8 35.Be4 Rab8 36.Nd5 Bxd5
37.Bxd5 Nac6 38.Qh4 Nxe7 39.dxe7 Qd6 40.Ne4 Qxe7 41.Qxe7 Rxe7 42.Rxa6 Rd8
43.Rd6 Rb8 44.f4 Ng4 45.Bc6 Bh6 46.g3 Ne3 47.R1d3 Nf5 48.Rd8+ Rxd8 49.Rxd8+  1-0

[Event "Moravia-chT 9798"]
[Site "CZE"]
[Date "1997.??.??"]
[Round "3.3"]
[White "Tatarko, Jan"]
[Black "Vechet, Stanislav"]
[Result "0-1"]
[WhiteElo "2275"]
[BlackElo "2240"]

1.e4 e5 2.Nf3 Nc6 3.Bb5 a6 4.Ba4 Nf6 5.O-O b5 6.Bb3 Bb7 7.Qe2 Be7 8.c3 O-O
9.d4 d6 10.Rd1 Qe8 11.Nbd2 Bd8 12.Bc2 h6 13.a4 exd4 14.cxd4 Nb4 15.Bb1 c5
16.Re1 cxd4 17.Nxd4 Nc6 18.Nf5 Bc7 19.axb5 axb5 20.Rxa8 Qxa8 21.Qxb5 Re8
22.Re3 Re5 23.Qb3 Ne7 24.Ng3 Ra5 25.Nc4 Ra1 26.Qc2 d5 27.e5 dxc4 28.exf6 Ng6
29.Nf5 Rxb1 30.Qxb1 Bxg2 31.Ne7+ Nxe7 32.fxe7 Bc6 33.Qf5 Qb8 34.Rh3 Qe8 35.Qc5 Qd7
36.e8=Q+ Qxe8 37.Re3 Qd7 38.Qh5 g6 39.Qe2 Qd5 40.f3 Bb6 41.Kg2 Qg5+ 42.Kf1 Kh7
43.Qf2 Qf5 44.f4 Qd5 45.Bd2 Bc5 46.Bc1 Bxe3 47.Bxe3 Qd1+ 48.Qe1 Bg2+ 49.Kf2 Qf3+
50.Kg1 Bh3  0-1

[Event "RUS-Cup5"]
[Site "Ekaterinburg"]
[Date "1997.??.??"]
[Round "7"]
[White "Akhmadeev, Vadim"]
[Black "Chernitsin, Ivan"]
[Result "1-0"]
[WhiteElo "2450"]
[BlackElo "2375"]

1.e4 e5 2.Nf3 Nc6 3.Bb5 a6 4.Ba4 Nf6 5.O-O b5 6.Bb3 Bb7 7.d3 Be7 8.Nbd2 O-O
9.Re1 d6 10.c3 Na5 11.Bc2 c5 12.d4 cxd4 13.cxd4 Nc6 14.d5 Nb4 15.Bb1 a5 16.a3 Na6
17.Bd3 b4 18.axb4 Nxb4 19.Bb5 Qb6 20.Be2 Rfc8 21.Nc4 Qd8 22.Nfd2 g6 23.Bf1 Nd7
24.Nb3 a4 25.Nba5 Rxa5 26.Nxa5 Rxc1 27.Qxa4 Rxe1 28.Rxe1 Bxd5 29.Qxb4 Ba8
30.Qb5 Nc5 31.Nc6 Qe8 32.Nxe7+ Qxe7 33.Qb8+ Qf8 34.Qxf8+ Kxf8 35.f3 Ke7 36.Ra1 Bc6
37.Ra7+ Nd7 38.b4  1-0

[Event "Oberliga Nord N9697"]
[Site "Germany"]
[Date "1997.??.??"]
[Round "?"]
[White "Zieher, Hartmut"]
[Black "Kahlert, Thomas"]
[Result "0-1"]
[WhiteElo "2210"]
[BlackElo "2280"]

1.e4 e5 2.Nf3 Nc6 3.Bb5 a6 4.Ba4 Nf6 5.O-O b5 6.Bb3 Bb7 7.Re1 Bc5 8.c3 d6
9.d4 Bb6 10.a3 h6 11.Bc2 O-O 12.Qd3 Ne7 13.h3 Ng6 14.b4 Nxe4 15.Rxe4 f5 16.Re1 e4
17.Qe2 exf3 18.Qe6+ Kh7 19.Bxf5 Rf6 20.Bxg6+ Rxg6 21.Qf5 Qf6 22.Qxf6 Rxg2+
23.Kh1 gxf6 24.Re7+ Rg7 25.Rxg7+ Kxg7 26.Be3 h5 27.Nd2 Kf7 28.c4 Re8 29.c5 Ba7
30.a4 Bb8 31.axb5 axb5 32.Ra5 Bc6 33.Ra6 Bd5 34.Ra5 c6 35.Nf1 dxc5 36.dxc5 Re4
37.Ra8 Be5 38.Bd2 Rh4 39.Kg1 Rxh3 40.Ra7+ Kg6 41.Ra8 Rh4 42.Rh8 Kg7 43.Re8 Re4
44.Ra8 h4 45.Ra7+ Kg6 46.Ra8 Rg4+ 47.Kh1 Rg2 48.Be3 Bg3 49.fxg3 f2 50.gxh4 Kf5
51.Rd8 Kg4 52.Bxf2 Rxf2+ 53.Kg1 Rg2+ 54.Kh1 Kh3 55.Ne3 Re2+  0-1

[Event "Bundesliga 9798"]
[Site "Germany"]
[Date "1997.??.??"]
[Round "?.6"]
[White "Berndt, Stephan"]
[Black "Pirrot, Dieter"]
[Result "1/2-1/2"]
[WhiteElo "2360"]
[BlackElo "2410"]

1.e4 e5 2.Nf3 Nc6 3.Bb5 a6 4.Ba4 Nf6 5.O-O b5 6.Bb3 Bb7 7.Ng5 d5 8.exd5 Nd4
9.Re1 Nxb3 10.Rxe5+ Be7 11.axb3 O-O 12.Nf3 Nxd5 13.d3 Bd6 14.Re1 Re8 15.Rxe8+ Qxe8
16.Nbd2 f5 17.Nf1 f4 18.Bd2 Qg6 19.h3 Re8 20.N1h2 b4 21.Qf1 Qf6 22.Re1 Re7
23.Bc1 Qg6 24.Rxe7 Nxe7 25.Nd2 Nf5 26.Nhf3 Qe6 27.Qe1 Qxe1+ 28.Nxe1 Nd4 29.Kf1 g5
30.Nc4 h6 31.Bd2 Be7 32.h4 Kg7 33.hxg5 hxg5 34.g3 fxg3 35.fxg3 Kf6 36.Be3 c5
37.Kf2 Kf5 38.Bxd4 cxd4 39.Nf3 Bxf3 40.Kxf3 g4+ 41.Kf2 Bc5 42.Nd2 Bd6 43.Ne4 Be5
44.Ke2 a5 45.Kd2 Ke6 46.Kd1 Kf5 47.Ke1 Ke6 48.Kf2 Kf5 49.Nc5 Bd6 50.Na4 Be5
51.Nb6 Ke6 52.Kg2 Bc7 53.Na4 Be5 54.Nc5+ Kf5 55.Ne4 Ke6 56.Ng5+ Kf6 57.Ne4+ Ke6
58.Kf2 Kf5 59.Nd2 Bd6 60.Nc4 Bc7 61.Kg2 Ke6 62.Kh2 Kf5 63.Nd2 Bd6  1/2-1/2

[Event "Landesliga Sued 9697 Bayern"]
[Site "Germany"]
[Date "1997.??.??"]
[Round "?"]
[White "Absmaier, Friedrich"]
[Black "Werner, Konrad"]
[Result "0-1"]
[WhiteElo "2045"]
[BlackElo "1980"]

1.e4 e5 2.Nf3 Nc6 3.Bb5 a6 4.Ba4 Nf6 5.O-O b5 6.Bb3 Bb7 7.c3 Nxe4 8.Re1 d5
9.d3 Nc5 10.Nxe5 Nxe5 11.Rxe5+ Ne6 12.Qf3 Bd6 13.Rf5 O-O 14.Bxd5 Bxd5 15.Rxd5 Re8
16.Be3 g6 17.Nd2 f5 18.Ne4 fxe4 19.dxe4 c6 20.Rd2 Qc7 21.Rad1 Rad8 22.h4 Be5
23.h5 Rxd2 24.Rxd2 Rf8 25.Qd1 Rd8 26.hxg6 hxg6 27.Qg4 Kf7 28.g3 Rxd2 29.Bxd2 Qd6
30.Qe2 Qc5 31.Kg2 Qc4 32.Qf3+ Kg7 33.Qe3 Nf8 34.f4 Bf6 35.b3 Qe6 36.e5 Qd5+
37.Kh2 Be7 38.c4 bxc4 39.bxc4 Qe6 40.Qe2 Kg8 41.g4 Qf7 42.Kg2 Ne6 43.Qe4 Nd8
44.Bc3 Kf8 45.Bd4 Qxc4 46.Kg3 c5 47.Qxg6 Qxd4 48.Qf5+ Ke8 49.g5 Qd5 50.g6 c4  0-1

[Event "Bundesliga 9697"]
[Site "Germany"]
[Date "1997.??.??"]
[Round "?.8"]
[White "Becker, Marc"]
[Black "Staiger, Frank"]
[Result "1-0"]
[WhiteElo "2415"]
[BlackElo "2290"]

1.e4 e5 2.Nf3 Nc6 3.Bb5 a6 4.Ba4 b5 5.Bb3 Bb7 6.O-O Nf6 7.d4 Nxd4 8.Bxf7+ Kxf7
9.Nxe5+ Kg8 10.Qxd4 d6 11.Nd3 Nxe4 12.Nd2 Qf6 13.Qe3 Nc5 14.Nxc5 dxc5 15.Re1 Qg6
16.f3 h5 17.Ne4 Be7 18.a4 Kh7 19.Ng5+ Bxg5 20.Qxg5 Rhd8 21.Qxg6+ Kxg6 22.Re7 Rd1+
23.Kf2 Rc8 24.axb5 axb5 25.b3 Ra8 26.Rxa8 Bxa8 27.Be3 c4 28.bxc4 bxc4 29.Rxc7 Bd5
30.c3 Be6 31.Bd4 Bf7 32.f4 Bd5 33.Rxg7+ Kf5 34.Rg5+ Ke6 35.f5+ Kf7 36.f6 Be6
37.Rg7+ Kf8 38.Bc5+  1-0

[Event "Groningen op"]
[Site "Groningen"]
[Date "1997.??.??"]
[Round "5"]
[White "Thipsay, Praveen Mahadeo"]
[Black "Skripchenko, Almira"]
[Result "1-0"]
[WhiteElo "2515"]
[BlackElo "2385"]

1.e4 e5 2.Nf3 Nc6 3.Bb5 a6 4.Ba4 Nf6 5.O-O b5 6.Bb3 Bb7 7.d3 Be7 8.Re1 d6
9.c3 O-O 10.Nbd2 h6 11.Nf1 Re8 12.Ng3 Bf8 13.d4 g6 14.Bc2 Bg7 15.b3 Nd7 16.Bb2 Nb6
17.Rc1 Qd7 18.d5 Ne7 19.c4 c5 20.Bd3 b4 21.h3 Rf8 22.Qd2 Qe8 23.Nh4 Nd7 24.Rf1 f6
25.Be2 h5 26.Rce1 Kh7 27.Bc1 Rh8 28.Qd1 Kg8 29.f4 exf4 30.Bxf4 Ne5 31.Nf3 Nf7
32.Bd3 Bc8 33.Bc1 a5 34.Rf2 a4 35.Bb2 Bd7 36.Ref1 Rh6 37.Be2 h4 38.Nh1 axb3
39.axb3 f5 40.Bxg7 Kxg7 41.Qd2 fxe4 42.Nxh4 Bf5 43.Qf4 Ra3 44.Ng3 Rxb3 45.Nxe4 Qd7
46.Ng5 Ne5 47.Ne6+ Bxe6 48.Qf8+ Kh7 49.dxe6 Qxe6 50.Rf7+ Nxf7 51.Rxf7+ Qxf7
52.Qxf7+ Kh8 53.Qxe7  1-0

[Event "SWE-ch"]
[Site "Haninge"]
[Date "1997.??.??"]
[Round "6"]
[White "Ernst, Thomas"]
[Black "Jepson, Christian"]
[Result "1/2-1/2"]
[WhiteElo "2405"]
[BlackElo "2380"]

1.e4 e5 2.Nf3 Nc6 3.Bb5 a6 4.Ba4 Nf6 5.O-O b5 6.Bb3 Bb7 7.Re1 Bc5 8.c3 d6
9.d4 Bb6 10.Bg5 h6 11.Bh4 Qe7 12.a4 g5 13.Bg3 h5 14.axb5 axb5 15.Rxa8+ Bxa8
16.h3 h4 17.Bh2 g4 18.hxg4 Nxg4 19.Na3 exd4 20.Nxd4 Nxh2 21.Bd5 Qf6 22.Nf5 h3
23.Bxc6+ Bxc6 24.g3 Kf8 25.Kxh2 Bxf2 26.Rf1 Bc5 27.Nd4 Bxd4 28.Rxf6 Bxf6
29.Qg4 Ke7 30.Nc2 Bd7 31.Qf3 Be5 32.Ne3 Be6 33.Ng4 Bxg4 34.Qxg4 c6 35.Qg5+ Kd7
36.Qf5+ Ke7 37.Qg5+ Kd7 38.Qf5+ Ke7 39.Qg5+  1/2-1/2

[Event "Heart of Finland op"]
[Site "?"]
[Date "1997.??.??"]
[Round "8"]
[White "Kokkila, Tero"]
[Black "Luukkonen, Tommi"]
[Result "1-0"]
[WhiteElo "2285"]
[BlackElo "2200"]

1.e4 e5 2.Nf3 Nc6 3.Bb5 a6 4.Ba4 Nf6 5.O-O b5 6.Bb3 Bb7 7.d3 Be7 8.c4 b4
9.Ba4 d6 10.d4 O-O 11.Re1 exd4 12.Nxd4 Nxd4 13.Qxd4 Nd7 14.Nd2 Bf6 15.Qe3 Nc5
16.Bc2 Re8 17.a3 a5 18.axb4 axb4 19.Rxa8 Qxa8 20.Nb3 Nxe4 21.f3 Bg5 22.f4 Bh4
23.g3 Bf6 24.h3 Bc6 25.Qd3 Ng5 26.Re3 Rxe3 27.Qxe3 Nf3+ 28.Kf2 Qa2 29.Qd3 g6
30.Bb1 Qa8 31.Bc2 Qe8 32.Qe3 Qe6 33.Bd1 Qxc4 34.Bxf3 Ba4 35.Bd1 g5 36.Kg2 Kg7
37.Na5 Qd5+ 38.Bf3 Qa2 39.Nb7 Bxb2 40.Qd2  1-0

[Event "Helsinki-Stockholm"]
[Site "Helsinki"]
[Date "1997.??.??"]
[Round "?"]
[White "Pulkkinen, Kari"]
[Black "Furhoff, Johan"]
[Result "1/2-1/2"]
[WhiteElo "2325"]
[BlackElo "2335"]

1.e4 e5 2.Nf3 Nc6 3.Bb5 a6 4.Ba4 Nf6 5.O-O b5 6.Bb3 Bb7 7.Re1 Bc5 8.c3 d6
9.d4 Bb6 10.a4 h6 11.axb5 axb5 12.Rxa8 Qxa8 13.Na3 O-O 14.Nxb5 exd4 15.cxd4 Na5
16.Bc2 Bxe4 17.Bxe4 Nxe4 18.Qd3 Nf6 19.Nc3 Re8 20.Rxe8+ Qxe8 21.h3 Nc6 22.Be3 Ne7
23.Nd2 Qa8 24.Nc4 Qa6 25.Qe2 Ned5 26.Nxb6 Qxe2 27.Nxe2 Nxb6 28.Nc3 Nfd5 29.Kf1 f5
30.Ke2 Kf7 31.Kd3 Ke6 32.Ne2 g5 33.Bd2 Nf6 34.f3 Nbd5 35.h4 f4 36.hxg5 hxg5
37.g4 fxg3 38.Nxg3 g4  1/2-1/2

[Event "HUN-chT2 9798"]
[Site "HUN"]
[Date "1997.??.??"]
[Round "?"]
[White "Albert, Kornelia"]
[Black "Letay, Gyula"]
[Result "0-1"]
[WhiteElo "2140"]
[BlackElo "2230"]

1.e4 e5 2.Nf3 Nc6 3.Bb5 a6 4.Ba4 Nf6 5.O-O b5 6.Bb3 Bb7 7.Re1 Bc5 8.h3 d6
9.c3 Bb6 10.d4 h6 11.a4 O-O 12.Na3 Qe7 13.d5 Nb8 14.Nh4 Bc8 15.axb5 axb5
16.Nf5 Bxf5 17.exf5 Na6 18.Nxb5 Qd7 19.Bc4 Qxf5 20.Be3 Nc5 21.Rxa8 Rxa8 22.b4 Nb7
23.Bxb6 cxb6 24.Qe2 Qd7 25.Bb3 Ne8 26.c4 f5 27.Qb2 Nf6 28.Ra1 Qc8 29.Na7 Qf8
30.Ra6 f4 31.f3 e4 32.fxe4 Nxe4 33.Bd1 Re8 34.Nc6 Ng3 35.Qf2 Qf6 36.Ra3 Qb2
37.Rf3 Qc1 38.Rd3 Qxc4 39.Rd4 Qc3 40.Rd2 Qe3 41.Kh2 Nf1+ 42.Qxf1 Qg3+ 43.Kg1 Re1
44.Rf2 Rxf1+ 45.Rxf1 Qe3+ 46.Kh1 g5 47.Bg4 Qc3 48.Be2 Qf6 49.Ba6 Nd8 50.Re1 Nf7
51.Re8+ Kg7 52.Be2 Ne5 53.Nd4 f3 54.gxf3 Qf7 55.Rc8 Qf4 56.Rf8 Kxf8 57.Ne6+ Ke7
58.Nxf4 gxf4 59.Kg2 Kf6 60.h4 Kf5 61.Kh3 Nd7 62.Bd3+ Ke5 63.Bc4 Nf6 64.Bb3 Kd4  0-1

[Event "Isle of Man op"]
[Site "Isle of Man"]
[Date "1997.??.??"]
[Round "8"]
[White "Kosten, Anthony C"]
[Black "Rausis, Igors"]
[Result "1/2-1/2"]
[WhiteElo "2530"]
[BlackElo "2490"]

1.e4 e5 2.Nf3 Nc6 3.Bb5 a6 4.Ba4 Nf6 5.O-O b5 6.Bb3 Bb7 7.Re1 Bc5 8.c3 O-O
9.d4 Bb6 10.Be3 exd4 11.cxd4 Na5 12.Bg5 h6 13.Bh4 Nxb3 14.axb3 Re8 15.e5 Bxf3
16.gxf3 g5 17.exf6 gxh4 18.Rxe8+ Qxe8 19.Kh1 Kh8 20.Qd2 Qg8 21.Qxh6+ Qh7
22.Qf4 Rg8 23.Nc3 Qg6 24.Qxh4+ Qh7 25.Qf4 Qg6 26.Qh4+ Qh7 27.Qxh7+ Kxh7 28.Rd1 c6
29.Ne4 d5 30.Nd6 Bd8 31.Rc1 Bxf6 32.Rxc6 Bxd4 33.Nf5 Bg7 34.Rxa6 Re8 35.Kg2 Re2
36.Rb6 d4 37.Rxb5 Rxb2 38.f4 d3 39.Kf3 Bc3 40.Ne3 Be1 41.Ke4 Rxf2 42.Rh5+ Kg8
43.Kxd3 Rxf4 44.Ng2 Rf3+ 45.Ke4 Rf1 46.Nxe1 Rxe1+ 47.Kd5 Rb1 48.Rh3 Kg7 49.Rg3+ Kh6
50.Ke4 Rb2 51.h3 Rb1 52.Kf4 Rf1+ 53.Rf3 Rb1 54.Kf5 Kg7 55.h4 Rb2 56.h5 Kh6
57.Rh3 Rb1 58.Ke5 Re1+ 59.Kd4 Rd1+ 60.Kc4 f5 61.b4 Rc1+ 62.Kd5 Rb1 63.Kc5 Rc1+
64.Kd6 Rb1 65.Rh4 Rd1+ 66.Ke7 Re1+ 67.Kf6 Re4 68.Rh1 Rxb4 69.Kxf5 Rb5+ 70.Kg4 Rb4+
71.Kf3 Rb3+ 72.Ke4 Rb4+ 73.Kd3 Rb3+ 74.Kc4 Re3 75.Kd4 Re8 76.Kd5  1/2-1/2

[Event "Juvenil op"]
[Site "?"]
[Date "1997.??.??"]
[Round "2"]
[White "Martinez, Ingrid"]
[Black "Basora Pascual, Lluc"]
[Result "0-1"]
[WhiteElo "2135"]
[BlackElo "2100"]

1.e4 e5 2.Nf3 Nc6 3.Bb5 a6 4.Ba4 Nf6 5.O-O b5 6.Bb3 Bb7 7.Re1 Bc5 8.c3 d6
9.d4 Bb6 10.h3 O-O 11.a4 Ne7 12.Nbd2 Ng6 13.Bc2 Re8 14.d5 c6 15.axb5 axb5
16.Rxa8 Qxa8 17.dxc6 Bxc6 18.Bb3 Qa7 19.Rf1 h6 20.Qc2 Nf4 21.Nh2 Ne2+ 22.Kh1 Bxf2
23.Rxf2 Qxf2 24.Nhf3 Nxe4 25.Qxe4 Ng3+  0-1

[Event "Krasnodar"]
[Site "Krasnodar"]
[Date "1997.??.??"]
[Round "6"]
[White "Brodsky, Michail"]
[Black "Tseshkovsky, Vitaly"]
[Result "1-0"]
[WhiteElo "2515"]
[BlackElo "2510"]

1.e4 e5 2.Nf3 Nc6 3.Bb5 a6 4.Ba4 Nf6 5.O-O b5 6.Bb3 Bb7 7.d3 Bd6 8.c3 O-O
9.Nbd2 h6 10.Re1 Re8 11.Nf1 Bf8 12.a4 Na5 13.Ba2 c5 14.Ne3 Qc7 15.Nd2 c4
16.dxc4 bxc4 17.Nexc4 Nxc4 18.Bxc4 Nxe4 19.Bxf7+ Kxf7 20.Nxe4 d5 21.Ng3 Kg8
22.Qd3 Re6 23.Be3 Qf7 24.c4 d4 25.Bd2 a5 26.f3 Bc6 27.Re2 Qb7 28.Be1 Ra6
29.b3 Rb6 30.Raa2 Bb4 31.c5 Bxe1 32.Rxe1 Rb4 33.Qf5 Qf7 34.Qc2 Bd5 35.Nf5 Qa7
36.Kh1 Qb7 37.Nd6 Qc6 38.Rc1 h5 39.h4 Rf6 40.Kg1 Rf4 41.Qe2 e4 42.fxe4 Bxe4
43.Qxh5 d3 44.Qg5 Rf8 45.h5 Kh7  1-0

[Event "CRO-chT2"]
[Site "Medulin"]
[Date "1997.??.??"]
[Round "?"]
[White "Balenovic, Zvonimir"]
[Black "Bubalovic, Davorin"]
[Result "1-0"]
[WhiteElo "2270"]
[BlackElo "2350"]

1.e4 e5 2.Nf3 Nc6 3.Bb5 a6 4.Ba4 Nf6 5.O-O b5 6.Bb3 Bb7 7.Re1 Bc5 8.c3 d6
9.d4 Bb6 10.Bg5 h6 11.Bh4 g5 12.Bg3 O-O 13.h3 Re8 14.Qd3 Nh5 15.Kh2 Qf6 16.Bd5 Nf4
17.Bxf4 gxf4 18.Nbd2 Kh8 19.g4 exd4 20.Bxc6 Bxc6 21.cxd4 Rad8 22.Rg1 Rg8
23.Rg2 Bd7 24.Rag1 Rg7 25.Qc3 Rdg8 26.b4 Bc8 27.e5 dxe5 28.dxe5 Qe6 29.Nh4 Bb7
30.Ndf3 Rd8 31.g5 Be4 32.Qc1 Qc4 33.Qxf4 Bxf3 34.Qxc4 bxc4 35.Nxf3 c3  1-0

[Event "Metz op"]
[Site "Metz"]
[Date "1997.??.??"]
[Round "1"]
[White "Blanchon, Pascal"]
[Black "Pirrot, Dieter"]
[Result "0-1"]
[WhiteElo "1750"]
[BlackElo "2415"]

1.e4 e5 2.Nf3 Nc6 3.Bb5 a6 4.Ba4 Nf6 5.O-O b5 6.Bb3 Bb7 7.c3 d5 8.exd5 Nxd5
9.d4 exd4 10.Re1+ Be7 11.Ng5 O-O 12.Nxh7 Re8 13.Qh5 Na5 14.Na3 Nxb3 15.axb3 Bxa3
16.Rxe8+ Qxe8 17.Bd2 f6  0-1

[Event "Metz op"]
[Site "Metz"]
[Date "1997.??.??"]
[Round "2"]
[White "Girard, Jean Pierre"]
[Black "Rausis, Igors"]
[Result "0-1"]
[WhiteElo "2060"]
[BlackElo "2470"]

1.e4 e5 2.Nf3 Nc6 3.Bb5 a6 4.Ba4 Nf6 5.O-O b5 6.Bb3 Bb7 7.c3 Nxe4 8.Re1 Nc5
9.Nxe5 Nxe5 10.Rxe5+ Ne6 11.d4 Bd6 12.Rh5 O-O 13.Qg4 Re8 14.Be3 Qf6 15.Bc2 g6
16.Nd2 Ng7 17.Rh3 h5 18.Qg5 Qxg5 19.Bxg5 Ne6 20.Be3 Nf4 21.Bxf4 Bxf4 22.Nb3 Re2
23.Bd3 Rxb2 24.Nc5 Bd5 25.Be4 Bxe4 26.Nxe4 Kg7 27.Rf3 Bh6 28.h4 d6 29.a4 b4
30.cxb4 Rxb4 31.Rd3 Rab8 32.Kh2 Rc4 33.Nc3 Rb3  0-1

[Event "Metz op"]
[Site "Metz"]
[Date "1997.??.??"]
[Round "8"]
[White "Korneev, Oleg"]
[Black "Pirrot, Dieter"]
[Result "1-0"]
[WhiteElo "2590"]
[BlackElo "2415"]

1.e4 e5 2.Nf3 Nc6 3.Bb5 a6 4.Ba4 Nf6 5.O-O b5 6.Bb3 Bb7 7.Re1 Bc5 8.c3 d6
9.d4 Bb6 10.Be3 O-O 11.Nbd2 h6 12.h3 Qd7 13.a3 Rae8 14.Bc2 exd4 15.cxd4 Ne7
16.Nh2 Ng6 17.Qf3 Qe6 18.d5 Qe5 19.Bxb6 cxb6 20.Qb3 Nd7 21.Ndf3 Nc5 22.Qb4 Qf4
23.Qd4 Nd7 24.Ng4 Rc8 25.Bd3 Rfe8 26.Re3 Nge5 27.Nfxe5 dxe5 28.Qb4 h5 29.Nh2 Rc5
30.Rae1 Rec8 31.Nf1 h4 32.Rf3 Qg5 33.Ne3 g6 34.Ng4 Kg7 35.Kh2 a5 36.Qb3 f5
37.Ne3 fxe4 38.Bxe4 Nf6 39.Qd3 Nh5 40.d6 Nf4 41.Qb1 Bxe4 42.Qxe4 Rf8 43.Rd1 Rc4
44.Qb7+ Rf7 45.d7 Rd4 46.Rxd4 exd4 47.Ng4 Qe7 48.Qc7  1-0